Estatísticas para Todos os vencedores de corridas Formula 1 até 2021

Clique aqui para jogar o quiz

Estatísticas Gerais

  • Esse quiz foi jogado 223 vezes
  • A pontuação média é 41 de 111

Estatísticas das Respostas

PaísEquipesNúmero de vitóriasPeríodo ativoNome% Correto
Reino UnidoMcLaren/Mercedes1032007-Lewis Hamilton
99%
BrasilToleman, Lotus, McLaren, Williams411984–1994Ayrton Senna
95%
AlemanhaJordan/Benetton/Ferrari/Mercedes911991–2006 2010–2012Michael Schumacher
94%
AlemanhaJordan/Williams/Toyota61997–2007Ralf Schumacher
94%
AlemanhaBMW Sauber/Toro Rosso/Red Bull/Ferrari/Aston Martin532007–Sebastian Vettel
94%
HolandaToro Rosso/Red Bull202015–Max Verstappen
90%
EspanhaMinardi/Renault/Mclaren/Ferrari/Alpine322001 2003–2018 2021–Fernando Alonso
88%
BrasilEnsign, McLaren, Brabham, Williams, Lotus, Benetton231978–1991Nelson Piquet
88%
FrançaMcLaren/Renault/Ferrari/Williams511980–1991 1993Alain Prost
86%
MéxicoSauber/McLaren/Force India/Racing Point/Red Bull22011–Sergio Pérez
83%
MônacoAlfa-Romeo/Ferrari22018–Charles Leclerc
82%
BrasilLotus, McLaren, Fittipaldi Automotive141970–1980Emerson Fittipaldi
82%
FinlândiaSauber/McLaren/Ferrari/Lotus/Alfa Romeo212001–2009, 2012–2021Kimi Raikkonen
82%
BrasilJordan, Stewart, Ferrari, Honda, Brawn, Williams111993–2011Rubens Barrichello
82%
AlemanhaSurtees/McLaren/ATS/Arrows/March11973–1982Jochen Mass
78%
FinlândiaLotus/McLaren201991–2001Mika Hakkinen
78%
AustráliaHRT/Toro Rosso/Red Bull/Renault/Mclaren82011Daniel Ricciardo
76%
Reino UnidoWilliams/Benetton/Renault/BAR/Honda/Brawn/ McLaren152000-2017Jenson Button
76%
ArgentinaAlfa Romeo/Maserati/Mercedes/Ferrari241950–1951 1953–1958Juan Manuel Fangio
76%
AlemanhaWilliams/Mercedes232006–2016Nico Rosberg
76%
ÁustriaMarch/BRM/Ferrari/Brabham/McLaren251971–1979 1982–1985Niki Lauda
76%
FinlândiaTheodore/ATS/Wolf/Fittipaldi/Williams/McLaren51978–1986Keke Rosberg
75%
FinlândiaWilliams/Mercedes/Alfa Romeo102013–Valtteri Bottas
75%
FrançaToro Rosso/Red Bull12017–Pierre Gasly
72%
BrasilSauber/Ferrari/Williams112002 2004–2017Felipe Massa
71%
Reino UnidoBrabham/Williams/Arrows/ Jordan221992-1999Damon Hill
70%
Reino UnidoLotus/BRM/Brabham/Hill141958–1975Graham Hill
69%
Estados UnidosMaserati/Ferrari/Cooper/Porsche/Automobili Turismo e Sport/Lotus/McLaren/Eagle31958–1964 1966Phil Hill
69%
FrançaManor/Force India/Renault/Alpine12016-2018 2020–Esteban Ocon
68%
CanadáMcLaren/Ferrari61977–1982Gilles Villeneuve
65%
CanadáWilliams/BAR/Renault/Sauber/BMW Sauber111996–2006Jacques Villeneuve
65%
Reino UnidoLotus/Williams/Ferrari/McLaren311980-1992 1994-1995Nigel Mansell
65%
VenezuelaWilliams/Lotus12011–2015Pastor Maldonado
58%
ItáliaFerrari/Maserati/Lancia131950–1955Alberto Ascari
57%
AustráliaMinardi/Jaguar/Williams/Red Bull92002–2013Mark Webber
56%
ColômbiaWilliams/McLaren72001–2006Juan Pablo Montoya
55%
AustráliaCooper/Rob Walker Racing Team/Brabham141955–1970Jack Brabham
54%
Reino UnidoHesketh/McLaren/Wolf101973–1979James Hunt
54%
ItáliaAlfa Romeo/Ferrari/Lancia51950–1955Nino Farina
53%
PolóniaBMW Sauber/Renault/Williams/Alfa-Romeo12006–2010, 2019, 2021Robert Kubica
53%
Reino UnidoBRM/Matra/March/Tyrrell271965-1973Jackie Stewart
51%
Estados UnidosLotus/March/Ferrari/Parnelli/Alfa Romeo/Williams121968–1972 1974–1982Mario Andretti
50%
BrasilWilliams/Surtees‎/Brabham11972–1977José Carlos Pace
49%
Reino UnidoWilliams/McLaren/Red Bull131994–2008David Coulthard
43%
Reino UnidoLotus251960-1068Jim Clark
39%
ItáliaMinardi/Jordan/Benetton/Sauber/Renault/Force India/ Ferrari31996–2009Giancarlo Fisichella
38%
África do SulMcLaren/Tyrrell/Wolf/Ferrari101972–1980Jody Scheckter
38%
ItáliaMinardi/Prost/Jordan/Renault/Toyota/Lotus11997–2011Jarno Trulli
36%
AustráliaHesketh/Surtees/Shadow/Williams/Arrows/Haas Lola121975–1981 1983 1985–1986Alan Jones
35%
ÁustriaATS/Arrows/Benetton/Ferrari/McLaren101984–1997Gerhard Berger
35%
FinlândiaRenault/Mclaren/Lotus/Caterham12007–2013Heikki Kovalainen
33%
Nova ZelândiaCooper/McLaren/Eagle41959–1970Bruce McLaren
32%
MéxicoFerrari/‎Lotus‎/Cooper‎/BRM21963–1971Pedro Rodríguez
31%
ÁustriaRob Walker/Cooper/Brabham/Lotus61964–1970Jochen Rindt
30%
FrançaTyrrell/Benetton/Sauber/Prost/Jordan/Ferrari11989–2001Jean Alesi
28%
ItáliaShadow/Arrows/Brabham/Alfa Romeo/Williams/Benetton61977–1993Riccardo Patrese
28%
Reino UnidoMercedes-Benz/Maserati/Vanwall/Rob Walker/ Cooper/Lotus/HWM161950-1962Stirling Moss
28%
AlemanhaSauber/Williams/Jordan/Prost/Arrows31994–2003Heinz-Harald Frentzen
27%
ArgentinaBrabham/Ferrari/Lotus/Williams121972–1982Carlos Reutemann
26%
Nova ZelândiaBrabham/McLaren81965–1974Denny Hulme
26%
Reino UnidoJordan/Ferrari/Jaguar41993–2002Eddie Irvine
26%
Reino UnidoLotus/Cooper/Lola/Ferrari/Honda/BRM/McLaren/ Surtees61960–1972John Surtees
26%
FrançaLigier/Prost/BAR/Toyota11994–1999 2001–2004Olivier Panis
24%
ItáliaTyrrell/Ferrari/Larrousse/Arrows/Footwork/Scuderia Italia/ Minardi51981–1994Michele Alboreto
21%
Reino UnidoFerrari/Vanwall/BRM/Cooper/Maserati31952–1958Mike Hawthorn
21%
SuéciaMarch/Tyrrell/Lotus101970–1978Ronnie Peterson
20%
FrançaMartini/Surtees/Renault/Ferrari/Ligier71978–1989René Arnoux
18%
SuíçaFerrari/BRM/Ensign/Shadow/Williams51970–1980Clay Regazzoni
17%
BélgicaArrows/Benetton/Williams/Ligier/Jordan31983–1993Thierry Boutsen
16%
FrançaTyrrell/Ligier/Ferrari31978–1982Didier Pironi
15%
BélgicaCooper/Ferrari/Brabham/McLaren/Williams/Lotus/Wolf–Williams/Ensign/Ligier81967–1979Jacky Ickx
15%
FrançaIso–Marlboro/Ligier/Williams61974–1986Jacques Laffite
15%
Reino UnidoBenetton/Tyrrell/Lotus/Ligier/Sauber/Stewart/Jaguar31989–2000Johnny Herbert
15%
Reino UnidoBrabham/Surtees/Lotus/Penske/McLaren51973–1983 1985John Watson
13%
ArgentinaMaserati/Talbot-Lago/Ferrari/Vanwall21950–1957 1960José Froilán González
13%
ItáliaMinardi/Benetton11986–1990Alessandro Nannini
11%
AlemanhaFerrari/Porsche/Scuderia Centro Sud21956–1961Wolfgang von Trips
11%
FrançaTyrrell11970–1973François Cévert
10%
ItáliaShadow/Lotus/Brabham21979–1986Elio de Angelis
8%
FrançaFrank Williams Racing Cars/Surtees/Tyrrell/Renault/Ligier21974–1975 1977–1981Jean-Pierre Jabouille
8%
FrançaSurtees/Theodore/McLaren/Ligier/Ferrari/Renault/Haas Lola21977–1986Patrick Tambay
8%
ItáliaAlfa Romeo11950–1951Luigi Fagioli
6%
Reino UnidoHWM/Vanwall/Maserati/Ferrari31952–1958Peter Collins
6%
Estados UnidosKurtis Kraft/Trevis/Rounds Rocket/Maserati21951–1955Bill Vukovich
5%
ItáliaMarch/Surtees/Alfa Romeo11974–1980Vittorio Brambilla
5%
FrançaMatra/BRM11967–1974Jean-Pierre Beltoise
4%
SuéciaMaserati/Scuderia Centro Sud/Joakim Bonnier Racing Team/ BRM/Porsche/Rob Walker Racing Team/Lotus/Brabham/Anglo-Suisse Racing/Ecurie Bonnier/Honda11956–1971Joakim Bonnier
4%
ItáliaScuderia Centro Sud/Ferrari11961–1967Lorenzo Bandini
4%
FrançaTyrrell/Ligier/Alfa Romeo21972 1974–1980Patrick Depailler
4%
ItáliaAlfa Romeo/Ferrari/Mercedes-Benz/Maserati/Vanwall11950–1956Piero Taruffi
4%
Estados UnidosFerrari/BRM/Porsche/Lotus/Brabham/Eagle/McLaren41959–1968 1970Dan Gurney
3%
ItáliaFerrari/Automobili Turismo e Sport/Scuderia Centro Sud/ Brabham/Reg Parnell/Lotus11961–1967Giancarlo Baghetti
3%
SuéciaLotus11976–1977Gunnar Nilsson
3%
ItáliaFerrari/Cooper/Anglo American Racers11963–1968Ludovico Scarfiotti
3%
ItáliaFerrari/Maserati11954–1958Luigi Musso
3%
FrançaGordini/Ferrari/Vanwall/Bugatti/Cooper/BRM/Aston Martin/Lotus/Lola21950–1964Maurice Trintignant
3%
Estados UnidosFerrari/Scarab/BRM/Honda/Cooper/Eagle11960–1967Richie Ginther
3%
Reino UnidoBRM/Vanwall/Ferrari/non-works Cooper61956–1961Tony Brooks
3%
Reino UnidoLotus/BRP/BRM11959–1966Innes Ireland
2%
Estados UnidosKuzma/Epperly/Kurtis Kraft/Schroeder/Lesovsky11952–1960Jimmy Bryan
2%
Estados UnidosKurtis Kraft/Epperly/Watson/Wetteroth/Moore11950 1952–1960Jim Rathmann
2%
Estados UnidosKurtis Kraft/Kuzma11950–1958Johnnie Parsons
2%
Estados UnidosMoore/Kurtis Kraft11950–1951Lee Wallard
2%
Estados UnidosKurtis Kraft/Watson11950–1959Pat Flaherty
2%
Reino UnidoMcLaren/BRM/Hill11970–1974Peter Gethin
2%
Estados UnidosLotus/Tyrrell/McLaren/Shadow21972–1974Peter Revson
2%
Estados UnidosKurtis Kraft/Lesovsky/Watson/Bromme/Pawl/Kuzma/Lotus11951–1960 1963Rodger Ward
2%
Estados UnidosEpperly/Kurtis Kraft11950–1957Sam Hanks
2%
Estados UnidosKurtis Kraft/Watson/Lesovsky/Kuzma/Maserati11950–1952 1954 1956–1958 1960Troy Ruttman
2%
Estados UnidosEwing/Wetteroth/Kurtis Kraft/Kuzma11952–1956Bob Sweikert
1%
SuíçaPrivateer Lotus and Brabham/Rob Walker Racing Team/ March/BRM21962–1971Jo Siffert
1%

Distribuição das Pontuações

Percentil de Números Respondidos

Porcentagem de Pessoas com Cada Pontuação

Sua Pontuação Histórica

Você não jogou esse quiz